Sociálna politika a zamestnanosť

Poznatky a skúsenosti pri zabezpečovaní sociálnej politiky a politiky zamestnanosti v Rakúsku, ako aj súvislosti, ktoré bude potrebné riešiť pri vstupe Slovenska do EÚ. Sociálna politika a politika zamestnanosti Európskej únie. Dopady politiky EÚ na Rakúsko.

Guardado en:
Detalles Bibliográficos
Autor principal: Hörmann, Robert D.I
Formato: Capítulo de libro
Lenguaje:eslovaco
Materias:
Etiquetas: Agregar Etiqueta
Sin Etiquetas, Sea el primero en etiquetar este registro!

MARC

LEADER 00000naa a2200000 4500
001 r036472
005 20230928080841.7
041 0 |a slo 
044 |a SK 
245 1 0 |a Sociálna politika a zamestnanosť  |c Robert D.I. Hörmann 
520 |a Poznatky a skúsenosti pri zabezpečovaní sociálnej politiky a politiky zamestnanosti v Rakúsku, ako aj súvislosti, ktoré bude potrebné riešiť pri vstupe Slovenska do EÚ. Sociálna politika a politika zamestnanosti Európskej únie. Dopady politiky EÚ na Rakúsko. 
610 2 0 |a politika sociálna 
610 2 0 |a politika zamestnanosti 
610 2 0 |a Rakúsko 
610 2 0 |a Európska únia 
610 2 0 |a legislatíva 
610 2 0 |a sily pracovné 
610 2 0 |a trh práce 
100 1 |a Hörmann, Robert D.I.